000 00839nam a2200241Ia 4500
003 GCL
008 140319s9999 xx 000 0 ara d
040 _aGCL /
_cGCL
082 0 4 _a747
_bع ا
100 1 _aعماد درويش
245 1 0 _aاعمال الديكور والمفروشات المنزلية /
_cعماد درويش
250 _aالاولى
260 _aسوريا :
_bدار دمشق للنشر والتوزيع والطباعة ،
_c1996
300 _a179ص ؛
_c24 سم
490 _aموسوعة المهن اليدوية والفنية والهندسية
_v6
650 0 4 _aالديكور
650 0 4 _aالمفروشات
650 0 4 _aالموكيت
650 0 4 _aالموكيت - فنون نسيج
650 0 4 _aالكراسى - تصميم
650 0 4 _aالمطابخ - تجهيزات
942 _2ddc
_cBK
999 _c6428
_d6428